000 00896nam a2200229 a 4500
001 54091
003 BD-RjUL
005 20211209080054.0
008 161101s1973 ii ||||| |||| 00| 0 ben d
035 _a(BD-RjUL)54213
040 _aBD-RjUL
_bben
_cBD-RjUL
041 _aben
082 _223
_a891.44109
_bGUK 1973
100 _aগুপ্ত, অতুলচন্দ্র
_9161499
245 1 0 _aকাব্যজিজ্ঞাসা /
_cঅতুলচন্দ্র গুপ্ত
250 _a৩য় সং.
260 _aকলিকাতা
_bবিশ্বভারতী
_c১৯৭৩ [মুদ্রণ ২০০৫]
300 _a৮০ পৃ. ;
_c২১ সেমি.
650 _aবাংলা কবিতা
_xইতিহাস ও সমালোচনা
_9161500
650 _aBengali Poetry
_xHistory & Criticism
_9121573
942 _2ddc
_cBK
999 _c54091
_d54091